|
|
|
|
| LEADER |
00631cam a2200181 7i4500 |
| 001 |
0000038017 |
| 005 |
20210126090000.0 |
| 020 |
|
|
|a 0495557927
|
| 020 |
|
|
|a 9780495557920 (hbk.)
|
| 090 |
0 |
0 |
|a QH308.2
|b .B55 2009
|
| 245 |
0 |
0 |
|a Biology :
|b the unity and diversity of life
|c Cecie Starr ... [et al.].
|
| 250 |
|
|
|a 12th ed.
|
| 260 |
|
|
|a Belmont, CA.:
|b Brooks/Cole, Cengage Learning,
|c 2009.
|
| 300 |
|
|
|a xxxi, 905 p.:
|b col. ill.;
|c 29 cm.
|
| 650 |
0 |
0 |
|a Biology
|
| 700 |
1 |
|
|a Starr, Cecie
|
| 997 |
|
|
|a Engineering & Life Sciences, Faculty
|b Science & Biotechnology, Department
|
| 999 |
|
|
|a 0000047919
|b BOK
|c OPEN SHELF
|e 2nd Floor, Bestari Jaya
|